| 000 | 00659nam a22002177a 4500 | ||
|---|---|---|---|
| 999 |
_c15147 _d15147 |
||
| 003 | MIRAKIL | ||
| 005 | 20230202124258.0 | ||
| 008 | 230202b tu ||||| |||| 00| 0 tur d | ||
| 020 | _a9789753438186 | ||
| 040 |
_aTR-AnCHP _cTR-AnCHP |
||
| 082 |
_a320.9561 _bÇ51b 2013 |
||
| 100 | _aÇiçek, Hikmet | ||
| 245 | 1 | 0 |
_aBen Veli Küçük / _cHikmet Çiçek. |
| 260 |
_aİstanbul : _bKaynak Yayınları, _c 2013. |
||
| 300 |
_a339 s.: _bfotg.; _c23 sm. |
||
| 490 | 0 |
_aKaynak yayınları ; _vno 687 |
|
| 504 | _aDizin vardır. | ||
| 650 | 0 |
_99 _aSiyaset ve yönetim _xTürkiye |
|
| 650 | 0 |
_95863 _aSiyasal suçlar _xErgenekon davası _zTürkiye |
|
| 942 |
_2ddc _cBKS |
||